All Brawl Stars Rarities - Statistics

General Stats
  • This quiz has been taken 62 times
  • The average score is 6 of 7
Answer Stats
Hint Answer % Correct
Rarity Epic
98%
Rarity Rare
98%
Rarity Legendary
93%
Rarity Super Rare
93%
Rarity Mythic
91%
Rarity Chromatic
58%
Rarity Starting
47%
No matching quizzes found
Score Distribution
Percent of People with Each Score
Percentile by Number Answered
Your Score History
You have not taken this quiz